Encyclopedia of vernacular architecture of the world
Αποθηκεύτηκε σε:
| Άλλοι συγγραφείς: | |
|---|---|
| Μορφή: | Βιβλίο |
| Γλώσσα: | English |
| Δημοσίευση: |
Cambridge :
Cambridge University Press,
1997
|
| Θέματα: | |
| Ετικέτες: |
Προσθήκη ετικέτας
Δεν υπάρχουν, Καταχωρήστε ετικέτα πρώτοι!
|
MARC
| LEADER | 00000nam a2200000 i 4500 | ||
|---|---|---|---|
| 001 | 1/15516 | ||
| 008 | 010122s1997 eng d | ||
| 020 | |a 0-521-56422-0 (set) | ||
| 035 | |l 10065435 | ||
| 040 | |a GR-MY-UA |b gre |e aacr | ||
| 041 | 0 | |a eng | |
| 082 | 0 | |a 721 |2 (21) | |
| 245 | 1 | 0 | |a Encyclopedia of vernacular architecture of the world / |c edited by Paul Oliver |
| 260 | |a Cambridge : |b Cambridge University Press, |c 1997 | ||
| 300 | |a 3 τ.; |b εικ.; |c 29 εκ. | ||
| 504 | |a Περιλαμβάνει βιβλιογραφίες και ευρετήρια | ||
| 505 | 0 | |a v.1: Theories and principles. - v.2: Cultures and habitats. - v.3: Cultures and habitats | |
| 650 | 0 | 0 | |a Vernacular architecture |x Encyclopedias. |
| 700 | 1 | |a Oliver, Paul |d 1927- |4 edt | |
| 740 | 0 | 2 | |a Theories and principles |
| 740 | 0 | 2 | |a Cultures and habitats |
| 852 | |a INST |b SYROS |e 20010122 |h 721 ENC |p 005500001627 |q 005500001627 |t REF |y 23 |z v.1 | ||
| 852 | |a INST |b SYROS |e 20010212 |h 721 ENC |p 005500001628 |q 005500001628 |t REF |y 23 |z v.3 | ||
| 852 | |a INST |b SYROS |e 20010212 |h 721 ENC |p 005500001631 |q 005500001631 |t REF |y 23 |z v.2 | ||
| 852 | |a INST |b SYROS |e 20010122 |h 721 ENC |p 005500001627 |q 005500001627 |t REF |v v.1: |y 23 |z v.1 | ||
| 852 | |a INST |b SYROS |e 20010212 |h 721 ENC |p 005500001628 |q 005500001628 |t REF |v v.3: |y 23 |z v.3 | ||
| 852 | |a INST |b SYROS |e 20010212 |h 721 ENC |p 005500001631 |q 005500001631 |t REF |v v.2: |y 23 |z v.2 | ||
| 853 | |a INST |b SYROS |h 721 ENC | ||
| 901 | |a BIBL5-2001-1 | ||
| 909 | |a Ε |b 084341 | ||
| 909 | |a Ε |b 084342 | ||
| 909 | |a Ε |b 084343 | ||
| 922 | |a 5ΕΛΗ |b 200012 |c ΒΙΒΛΙΟΘΗΚΗ |d ΜΙΧΑΛΟΠΟΥΛΟΣ | ||
| 950 | |a 188-2000-10-04 | ||
| 970 | |a ΚΟΝΤΟΥ |b ΠΑΡΑΣΚΕΥΗ |z 2001/02/12 | ||